Loading...
| Literature - British Literature | 0 | 8 | 0 | 0 | 80 | 100 | 121.75 | 0 | 0 |
| Literature - European Literature | 0 | 5 | 0 | 0 | 50 | 74 | 107.80 | 1 | 3 |
| History - World History | 0 | 4 | 0 | 2 | 40 | 93 | 122.75 | 0 | 1 |
| Literature - American Literature | 0 | 5 | 3 | 0 | 35 | 90 | 104.40 | 1 | 3 |
| Philosophy | 0 | 2 | 0 | 2 | 20 | 136 | 138.50 | 0 | 0 |
| Fine Arts - Painting & Sculpture | 0 | 2 | 0 | 1 | 20 | 138 | 144.50 | 0 | 0 |
| Literature - World Literature | 0 | 3 | 3 | 1 | 15 | 120 | 128.67 | 0 | 0 |
| Social Science | 0 | 1 | 0 | 0 | 10 | 88 | 88.00 | 0 | 0 |
| Fine Arts - Other Fine Arts | 0 | 1 | 0 | 1 | 10 | 131 | 131.00 | 0 | 0 |
| Current Events | 0 | 1 | 0 | 1 | 10 | 131 | 131.00 | 0 | 0 |
| Other Academic | 0 | 1 | 1 | 0 | 5 | 88 | 88.00 | 0 | 0 |
| History - Other History | 0 | 1 | 1 | 0 | 5 | 115 | 115.00 | 0 | 0 |
| History - European History | 0 | 1 | 1 | 0 | 5 | 122 | 122.00 | 0 | 0 |
| History - American History | 0 | 0 | 0 | 0 | 0 | 0.00 | 0 | 0 | |
| Geography | 0 | 0 | 1 | 0 | -5 | 0.00 | 0 | 0 | |
| Science - Biology | 0 | 0 | 1 | 0 | -5 | 0.00 | 0 | 0 | |
| Science - Physics | 0 | 0 | 1 | 0 | -5 | 0.00 | 0 | 0 |